000 00892nam a2200241 a 4500
008 120416s1995 ||||||||||||||||| || u
020 _a0521478928
050 _aQK 725 Dod
100 _aRoberts, Lorin W
245 1 0 _aExperiments in plant tissue culture
246 _aPlant tissue culture
250 _a3rd ed.
260 _aLondon
_bCambridge University Press
_c1995
300 _axiv, 256 p. : ill.
350 _a0.00
500 _aIncludes bibliographical references and indexes.
650 _aPLANTS
650 _aPLANT TISSUE CULTURE--EXPERIMENTS
700 _aDodds, John H
856 _uhttp://www.loc.gov/catdir/toc/cam025/94022943.html
856 _uhttp://www.loc.gov/catdir/description/cam026/94022943.html
995 _D0.00
_FCBU-MAIN LIBRARY (Kitwe)
_H1
_I18.00
_M1
_UAVAILABLE
_ZMain Library Open Access Collection
999 _c42918
_d42918